Model d'Ordenança reguladora de la incorporació de sistemes de captació d'energia solar en el municipi / Grup de Treball de Fluxos Metabòlics, Xarxa de Ciutats i Pobles cap a la Sostenibilitat
Descripción Física:
15 p. : taules ; 29 cm
MARC
| LEADER | 00000nam a2200000Ia 4500 | ||
|---|---|---|---|
| 001 | 22780 | ||
| 008 | 160829s2002 xx 000 0 cat d | ||
| 080 | |a FU-58-6 | ||
| 245 | |a Model d'Ordenança reguladora de la incorporació de sistemes de captació d'energia solar en el municipi / Grup de Treball de Fluxos Metabòlics, Xarxa de Ciutats i Pobles cap a la Sostenibilitat | ||
| 260 | |a Barcelona : |b Diputació de Barcelona, Àrea de Medi Ambient, |c 2002 | ||
| 300 | |a 15 p. : |b taules ; |c 29 cm | ||
| 590 | |a També disponible en pdf a: http://www.diba.cat/xarxasost/cat/mate_xrx.asp | ||
| 650 | |a Ordenances municipals |9 28545 | ||
| 650 | |a Energia solar |9 31505 | ||
| 710 | |a Barcelona (Catalunya : Província). |b Àrea de Medi Ambient |9 52987 | ||
| 710 | 2 | |a Xarxa de Ciutats i Pobles cap a la Sostenibilitat |9 53477 | |
| 901 | |a Arxiu | ||
| 942 | |n 1 | ||
| 952 | |0 0 |1 0 |4 0 |6 FU586 |7 1 |9 52962 |a Arxiu |b Arxiu |d 2016-12-01 |l 0 |o FU-58-6 |p 22780 |r 2016-12-01 00:00:00 |w 2016-12-01 |y ARXIU | ||
| 999 | |c 56811 |d 56811 | ||